All Frank Ocean Songs - Statistics

General Stats
  • This quiz has been taken 7,262 times
    7,127 since last reset
  • The average score is 35 of 79
Answer Stats
Album Songs % Correct
Blonde Pink + White
88%
channel ORANGE White
87%
Blonde Ivy
86%
channel ORANGE Pyramids
81%
Blonde White Ferrari
81%
Blonde Nikes
80%
channel ORANGE Thinkin Bout You
80%
Blonde Nights
78%
Blonde Solo
74%
Blonde Solo (Reprise)
74%
nostalgia,ULTRA. Novacane
72%
channel ORANGE Lost
71%
channel ORANGE Super Rich Kids
71%
Blonde Self Control
70%
Single Chanel
69%
channel ORANGE Pink Matter
69%
Blonde Godspeed
68%
Blonde Seigfried
67%
channel ORANGE End / Golden Girl
65%
channel ORANGE End
63%
Blonde Facebook Story
62%
channel ORANGE Forrest Gump
62%
channel ORANGE Bad Religion
61%
Single (#7) In My Room
60%
channel ORANGE Crack Rock
59%
channel ORANGE Start
58%
Blonde Futura Free
57%
channel ORANGE Sierra Leone
57%
Single (#2) Biking
56%
channel ORANGE Sweet Life
55%
channel ORANGE Monks
54%
Single (#5) Moon River
54%
Blonde Skyline To
54%
Blonde Be Yourself
53%
Single (#9) Cayendo
53%
nostalgia,ULTRA. Swim Good
53%
nostalgia,ULTRA. American Wedding
52%
channel ORANGE Pilot Jones
51%
Single (#6) DHL
50%
Single (#8) Dear April
49%
Blonde Good Guy
49%
Blonde Close to You
47%
channel ORANGE Fertilizer
47%
Blonde Pretty Sweet
46%
nostalgia,ULTRA. Strawberry Swing
42%
Single (#4) Provider
40%
Single (#3) Lens
38%
nostalgia,ULTRA. Songs For Women
36%
channel ORANGE Not Just Money
33%
Endless Rushes
26%
nostalgia,ULTRA. Nature Feels
25%
nostalgia,ULTRA. We All Try
25%
Endless Higgs
24%
Endless At Your Best (You Are Love)
23%
Endless Alabama
21%
nostalgia,ULTRA. Lovecrimes
21%
nostalgia,ULTRA. Street Fighter
21%
nostalgia,ULTRA. B****es Talkin' (Metal Gear Solid)
20%
nostalgia,ULTRA. Dust
20%
nostalgia,ULTRA. There Will Be Tears
20%
Endless Rushes To
19%
Endless U-N-I-T-Y
19%
nostalgia,ULTRA. Goldeneye
17%
Endless Wither
17%
Endless Florida
16%
Endless Comme des Garçons
15%
Endless Mitsubishi Sony
15%
Endless Slide on Me
15%
nostalgia,ULTRA. Soul Calibur
15%
Endless Device Control
14%
Endless Device Control (Reprise)
14%
Endless Ambience 002: Honeybaby
13%
Endless Hublots
13%
Endless Sideways
13%
Endless Mine
12%
Endless Ambience 001: In a Certain Way
11%
Endless In Here Somewhere
11%
Endless Deathwish (ASR)
10%
Blonde Interviews
9%
No matching quizzes found
Score Distribution
Percent of People with Each Score
Percentile by Number Answered
Your Score History
You have not taken this quiz since the last reset